České drama v letech 1989-2010 /

Hlavní autor: Jungmannová, Lenka, 1967-
Další autoři: Vodička, Libor, 1970-
Jazyk: Čeština
Vydáno: Praha : Středisko společných činností AV ČR, v.v.i., 2016
Vydání: Vydání 1.
Edice: Věda kolem nás. Co to je...
Témata:
Fyzický popis: 19 stran : ilustrace (některé barevné), portréty, faksimile ; 21 cm
Knihy
Uloženo v:
LEADER 01689nam a2200469 i 4500
001 nkc20162812216
003 CZ PrNK
005 20160824102316.0
007 ta
008 160711s2016 xr ach e 000 0 cze
015 |a cnb002812216 
020 |a 978-80-270-0220-7  |q (v knize neuvedeno ;  |q brožováno) 
035 |a (OCoLC)956490057 
040 |a BOA001  |b cze  |e rda 
045 |a x8y1 
072 7 |a 821.162.3.09  |x Česká literatura (o ní)  |2 Konspekt  |9 11 
080 |a 821.162.3-2  |2 MRF 
080 |a (048.8)  |2 MRF 
100 1 |a Jungmannová, Lenka,  |d 1967-  |7 jo20010085990  |4 aut 
245 1 0 |a České drama v letech 1989-2010 /  |c Lenka Jungmannová, Libor Vodička 
250 |a Vydání 1. 
264 1 |a Praha :  |b Středisko společných činností AV ČR, v.v.i.,  |c 2016 
300 |a 19 stran :  |b ilustrace (některé barevné), portréty, faksimile ;  |c 21 cm 
336 |a text  |b txt  |2 rdacontent 
337 |a bez média  |b n  |2 rdamedia 
338 |a svazek  |b nc  |2 rdacarrier 
490 1 |a Věda kolem nás,  |x 2464-6245 ;  |v 49.  |a Co to je... 
500 |a Název z obálky 
648 7 |a od 1989  |7 ch462156  |2 czenas 
648 7 |a 1989-2010  |7 ch969084  |2 czenas 
650 0 7 |a české drama  |7 ph128137  |y od 1989  |2 czenas 
650 0 9 |a Czech drama  |y 1989-  |2 eczenas 
655 7 |a studie  |7 fd133597  |2 czenas 
655 9 |a studies  |2 eczenas 
700 1 |a Vodička, Libor,  |d 1970-  |7 jx20071010023  |4 aut 
830 0 |a Věda kolem nás.  |p Co to je...  |0 s 
910 2 |a BOA001  |b 2-1370.850 
928 9 |a Akademie věd České republiky 
990 |a BK 
995 |a 01 
991 |b 201607  |c NOV 
996 6 |b 2610676056  |c 2-1370.850  |l MZK  |r Sklad / do 1 hodiny  |n 5  |p p.v.  |w 001568950  |u 000010  |a 1  |e BOA001  |j MZK50  |s P